logo

Bir Sreshtho Munshi Abdur Rouf Library
Jhenaidah Cadet College

উপন্যাস সমগ্র ৮ / (Record no. 614)

MARC details
000 -LEADER
fixed length control field 00730nam a22002297a 4500
001 - CONTROL NUMBER
JCCL Control Number 614
003 - CONTROL NUMBER IDENTIFIER
JCCL marc code BD-JhCC
005 - DATE AND TIME OF LATEST TRANSACTION
control field 20210930134020.0
008 - FIXED-LENGTH DATA ELEMENTS--GENERAL INFORMATION
fixed length control field 171007s2008 bg |||| |||| 000 0 ben d
020 ## - INTERNATIONAL STANDARD BOOK NUMBER
International Standard Book Number 9848684913
035 ## - SYSTEM CONTROL NUMBER
system control number (BD-JhCC)614
040 ## - CATALOGING SOURCE
Original cataloging agency BD-JhCC
Modifying agency BD-JhCC
041 ## - LANGUAGE CODE
Language code of Book ben
082 ## - DEWEY DECIMAL CLASSIFICATION NUMBER
Classification number 891.443
Author mark and Year HAQ 2008
100 ## - MAIN ENTRY--PERSONAL NAME
Personal name হক, সৈয়দ শামসুল
245 ## - TITLE STATEMENT
Title উপন্যাস সমগ্র ৮ /
Statement of responsibility, etc সৈয়দ শামসুল হক
260 ## - PUBLICATION, DISTRIBUTION, ETC. (IMPRINT)
Place of publication, distribution, etc ঢাকা:
Name of publisher, distributor, etc অন্যপ্রকাশ প্রকাশনী,
Date of publication, distribution, etc ২০০৮.
300 ## - PHYSICAL DESCRIPTION
Pagination ৩৯৯ পৃ. :
Dimensions ২২ সেমি
650 ## - SUBJECT ADDED ENTRY--TOPICAL TERM
Topical term or geographic name as entry element Bangali Novel
942 ## - ADDED ENTRY ELEMENTS (KOHA)
Source of classification or shelving scheme Dewey Decimal Classification
Koha item type Books
Koha issues (borrowed), all copies 3
Holdings
Source of classification or shelving scheme Damaged status Not for loan Home library Current library Shelving location Date of accession Source of acquisition Cost, normal purchase price Total Checkouts Full call number Barcode Date last seen Date checked out Koha item type
Dewey Decimal Classification     JCC Rouf Library JCC Rouf Library General Stacks 10/07/2017 Purchase 400.00 2 891.443 HAQ 2008 1661 10/10/2021 09/29/2021 Books

JCC Library | Contacts | JCC Home

Last Update on 23 September 2017
Copyright @ 2017-2020 JCC Rouf Library
Rouf Library, Jhenidah Cadet College (JCC), Bangladesh